Responses for Show #8559 - Thursday, January 20, 2022

Amy Schneider game 37.

Contestants

[<< previous game]

Brittany Love, a trial attorney from Concord, North Carolina

Patrick Lackey, a biochemistry professor from New Wilmington, Pennsylvania

Amy Schneider, an engineering manager from Oakland, California (whose 36-day cash winnings total $1,181,800)

[next game >>]

Jeopardy! Round responses

1922
ALSO KNOWN AS
GETTING A SHOT
ANTI-SYNONYMS
LIGHTS! CAMERA!
ACTION MOVIE!
    $200 13
President Warren G. Harding

Triple Stumper
    $200 7
(Ken: Hope nothing bad happens to you.)

Macbeth

Amy
    $200 4
chicken pox

Amy
    $200 1
contrary

Amy
    $200 26
(Brittany: What is sunlight?)
(Ken: More specific?)

UV sunlight (ultraviolet)

Brittany
    $200 19
Godzilla

Brittany
    $400 14
the USSR

Amy
    $400 8
Sing Sing

Amy
    $400 10
B-12

Amy
    $400 2
V

Amy
    $400 27
[NOTE: Brittany called for the $600 clue and $600 was shown, yet her score only went up by $400. The next clue call was also $600.]

a reverse camera

Brittany
    $400 20
(Ken: That's your best impression?)
[Laughter]
(Patrick: It's a lot of pressure.)
[Ken laughs.]

Shazam!

Patrick
    $600 15
Centre Court

Patrick
    $600 9
aces

Patrick
    $600 16
tetanus

Brittany
    $600 3
against

Patrick
    $600 28
light-emitting diodes

Patrick
    $600 21
(Patrick: Who is William Tell?)
...
(Ken: Yeah, Errol Flynn.)

Robin Hood

AmyPatrick
    $800 22
the Colorado

Amy
    $800 11
the Spruce Goose

Amy
    $800 17
(Brittany: What is polio?)

hepatitis

PatrickBrittany
    $800 5
(Patrick: What is defeat?)

rival

AmyPatrick
    $800 29
light-years

Amy
    $800 24
Michelle Yeoh

Amy
    $1000 23
Doolittle

Amy
    $2,000 12
Athens

Amy
    $1000 18
(Brittany: What is HPV?)

Gardasil

PatrickBrittany
    $1000 6
opposition

Amy
    $1000 30
(Brittany: What is lossless?)

a mirror

PatrickBrittany
    $1000 25
Precinct 13

Brittany

Scores at the first commercial break (after clue 15):

Amy Patrick Brittany
$6,800 $1,000 $0

Scores at the end of the Jeopardy! Round:

Amy Patrick Brittany
$10,800 $4,200 -$400

Double Jeopardy! Round responses

A FARCE TO BE RECKONED WITH
BEFORE & AFTER TV
INTERNATIONAL MEN OF MYSTERY
THE ENERGY BIZ
SOUTH ASIA
STARTS WITH 3 CONSONANTS
    $400 18
Oscar Wilde

Amy
    $400 6
Modern Family Feud

Amy
    $400 15
Islam

Amy
    $400 25
Exxon

Amy
    $400 30
Calcutta (Kolkata)

Triple Stumper
    $400 1
to christen

Brittany
    $800 19
stewardess

Amy
    $800 7
(Brittany: What is Sanford and Sons of Anarchy?)
...
(Ken: I would watch either show; those sound fantastic.)
[Laughter]

My Three Sons of Anarchy

AmyBrittany
    $5,000 16
the Bastille

Amy
    $800 26
(Ken: Less than a minute to go.)

Eveready

Amy
    $800 11
Nepal

Amy
    $800 2
(Patrick: What is an adjective?)
(Brittany: What is a verb?)

phrases

PatrickBrittany
Triple Stumper
    $1200 20
P.G. Wodehouse

Amy
    $1200 8
Orange Is the New Blackadder

Amy
    $1200 17
Rasputin

Patrick
    $1200 27
(Brittany: What is oil?)

wind

AmyBrittany
    $5,000 12
[ERRATUM: The clue misspelled "minister" as "minster".]

(Benazir) Bhutto

Amy
    $1200 3
splicing

Amy
    $1600 21
a Tenor

Amy
    $1600 9
Masters of Sex and the City

Amy
    $1600 23
Nostradamus

Amy
    $1600 28
(Patrick: What is BP?)

Halliburton

Patrick
Triple Stumper
    $1600 13
Bhutan

Amy
    $1600 4
chlorinization

Amy
    $2000 22
(Ken: You just ran that category.)

Noises Off

Amy
    $2000 10
Lovecraft Country Comfort

Triple Stumper
    $2000 24
Ambrose Bierce

Amy
    $2000 29
Chevron

Triple Stumper
    $2000 14
Jainism

Amy
    $2000 5
a straight edge

Amy

Scores at the end of the Double Jeopardy! Round:

Amy Patrick Brittany
$46,400 $3,000 -$2,800
(lock game)

[wagering suggestions for these scores]

Final Jeopardy! Round responses

WORDS IN AMERICAN HISTORY
(Ken: [To Patrick] 1890 was the first year when the Census Bureau did not officially designate [*] areas because the West was so settled.)
PatrickWhat is th a the West Frontier
$2,000
AmyWhat is frontier?
$25,000
frontier

Final scores:

Amy Patrick Brittany
$71,400 $5,000 -$2,800
37-day champion: $1,253,200 2nd place: $2,000 3rd place: $1,000

Game dynamics:

Coryat scores:

Amy Patrick Brittany
$37,400 $3,000 -$2,800
39 R
(including 3 DDs),
0 W
9 R,
4 W
6 R,
6 W

Combined Coryat: $37,600

[game clues] [game scores] [suggest correction]

Game tape date: 2021-11-08
The J! Archive is created by fans, for fans. Scraping, republication, monetization, and malicious use prohibited; this site may use cookies and collect identifying information. See terms. The Jeopardy! game show and all elements thereof, including but not limited to copyright and trademark thereto, are the property of Jeopardy Productions, Inc. and are protected under law. This website is not affiliated with, sponsored by, or operated by Jeopardy Productions, Inc. Join the discussion at JBoard.tv.